[Event "Bremen Silvester op-B"]
[Site "Bremen"]
[Date "2024.12.30"]
[Round "7"]
[White "Ewers, Christian"]
[Black "Pass, Marlon"]
[Result "1-0"]
[WhiteElo "1820"]
[BlackElo "1796"]
[PlyCount "145"]
[EventDate "2024.12.27"]
[EventType "swiss"]
[EventRounds "7"]
[EventCountry "GER"]
[SourceTitle "CB02_2025"]
[SourceDate "2025.01.08"]
[SourceVersion "1"]
[SourceVersionDate "2025.01.08"]
[SourceQuality "1"]

1. e4 c6 2. d4 d5 3. e5 c5 4. f4 cxd4 5. Qxd4 Nc6 6. Qa4 e6 7. Nf3 Bc5 8. c3 Qb6 9. Qc2 Bd7 10. a3 Nh6 11. b4 Be3 12. Bd3 Rc8 13. h3 a6 14. g4 Ne7 15. Ke2 Bxc1 16. Qxc1 Qc7 17. Nd4 Nhg8 18. Qe3 Ng6 19. h4 N8e7 20. h5 Nf8 21. Rc1 Nc6 22. Nd2 Qd8 23. N2f3 f6 24. c4 fxe5 25. fxe5 Nxd4+ 26. Qxd4 Bc6 27. c5 Qd7 28. Rf1 h6 29. Nh4 Kd8 30. Ng6 Nxg6 31. hxg6 Qe8 32. Rf7 Rc7 33. Raf1 Rxf7 34. gxf7 Qe7 35. Qf4 Rf8 36. Rf2 Qh4 37. Rh2 Rxf7 38. Rxh4 Rxf4 39. Ke3 Rf8 40. g5 hxg5 41. Rg4 Kc7 42. Rxg5 Rf7 43. Rg6 Bd7 44. a4 Kc6 45. Kd4 Kc7 46. Kc3 Kd8 47. b5 axb5 48. axb5 Ke7 49. Rg3 Kf8 50. Kb4 Bc8 51. Ka5 Ke7 52. c6 Kd8 53. Kb6 bxc6 54. bxc6 g5 55. Rxg5 Rf3 56. Rg8+ Ke7 57. Rxc8 Rxd3 58. c7 Rc3 59. Rd8 Rb3+ 60. Ka7 Ra3+ 61. Kb8 Rb3+ 62. Kc8 Rb6 63. Rd6 Rb4 64. Ra6 Rb5 65. Ra7 d4 66. Rb7 Rxe5 67. Kb8 Kd6 68. c8Q Rd5 69. Rd7+ Ke5 70. Rxd5+ exd5 71. Qc2 Kf4 72. Qd3 Ke5 73. Kc7 1-0